[Event "Oberliga Wuerttemberg 1011"]
[Site "Wuerttemberg"]
[Date "2011.03.27"]
[Round "8"]
[White "Messner, Harry"]
[Black "Warthmann, Ralf"]
[Result "0-1"]
[WhiteElo "2154"]
[BlackElo "2170"]
[PlyCount "50"]
[EventDate "2010.09.26"]
[EventType "team-tourn"]
[EventRounds "9"]
[EventCountry "GER"]
[SourceTitle "EXT 2019"]
[Source "ChessBase"]
[SourceDate "2018.10.10"]
[SourceVersion "1"]
[SourceVersionDate "2018.10.10"]
[SourceQuality "1"]
[WhiteTeam "Boeblingen II"]
[BlackTeam "Ebersbach"]
[WhiteTeamCountry "GER"]
[BlackTeamCountry "GER"]

1. d4 f5 2. Bf4 Nf6 3. e3 g6 4. h3 d6 5. Bc4 c6 6. Nf3 Bg7 7. Nc3 e6 8. g4 Ne4 9. Nxe4 fxe4 10. Nd2 d5 11. Bb3 b5 12. h4 Nd7 13. f3 e5 14. Bg5 Qc7 15. Qe2 exf3 16. Qxf3 Rf8 17. Qg2 h6 18. e4 hxg5 19. exd5 Bb7 20. d6 Qxd6 21. 0-0-0 0-0-0 22. Ne4 Qe7 23. Nxg5 Bh6 24. Kb1 Bxg5 25. d5 c5 0-1

[Event "Oberliga Wuerttemberg 1011"]
[Site "Wuerttemberg"]
[Date "2011.01.23"]
[Round "5"]
[White "Messner, Harry"]
[Black "Bilalic, Merim"]
[Result "0-1"]
[WhiteElo "2154"]
[BlackElo "2270"]
[PlyCount "70"]
[EventDate "2010.09.26"]
[EventType "team-tourn"]
[EventRounds "9"]
[EventCountry "GER"]
[SourceTitle "EXT 2019"]
[Source "ChessBase"]
[SourceDate "2018.10.10"]
[SourceVersion "1"]
[SourceVersionDate "2018.10.10"]
[SourceQuality "1"]
[WhiteTeam "Boeblingen II"]
[BlackTeam "Bebenhausen"]
[WhiteTeamCountry "GER"]
[BlackTeamCountry "GER"]

1. d4 d5 2. Nf3 Nc6 3. Bf4 Bg4 4. e3 e6 5. Bb5 Bd6 6. Bg3 Nf6 7. Nbd2 0-0 8. Bxc6 bxc6 9. c4 c5 10. dxc5 Bxc5 11. 0-0 Bb6 12. Qa4 c5 13. Bh4 Qd7 14. Qa6 Qc8 15. Qa4 Qd7 16. Qa6 Qc8 17. Qa4 Bh5 18. Bxf6 gxf6 19. cxd5 exd5 20. Qf4 Qe6 21. e4 d4 22. e5 fxe5 23. Nxe5 f6 24. Nec4 Rae8 25. f3 Re7 26. b3 Bc7 27. Qh4 Bg6 28. Rfe1 Qd7 29. Ne4 Bxe4 30. Rxe4 Rxe4 31. Qxe4 Re8 32. Qd3 Qe6 33. b4 Qe2 34. Qb3 Kh8 35. bxc5 Rg8 0-1

[Event "Boeblingen op 26th"]
[Site "Boeblingen"]
[Date "2009.12.26"]
[Round "1"]
[White "Messner, Harry"]
[Black "Borovikov, Vladislav"]
[Result "0-1"]
[WhiteElo "2100"]
[BlackElo "2585"]
[PlyCount "88"]
[EventDate "2009.12.26"]
[EventType "swiss"]
[EventRounds "9"]
[EventCountry "GER"]
[SourceTitle "CBM 134 Extra"]
[Source "ChessBase"]
[SourceDate "2010.03.03"]
[SourceVersion "1"]
[SourceVersionDate "2010.03.03"]
[SourceQuality "1"]

1. d4 d5 2. Nf3 Nf6 3. e3 Bg4 4. h3 Bxf3 5. Qxf3 Nbd7 6. c4 e6 7. Nc3 c6 8. Bd3 Bd6 9. 0-0 0-0 10. e4 dxc4 11. Bxc4 e5 12. d5 Nb6 13. Bb3 cxd5 14. exd5 h6 15. Be3 Rc8 16. Qe2 a6 17. Rac1 Re8 18. Rfd1 Nbd7 19. Na4 Qe7 20. Rxc8 Rxc8 21. Nb6 Nxb6 22. Bxb6 Nd7 23. Be3 f5 24. Re1 Kh8 25. Bd4 Bb4 26. Bc3 Bxc3 27. bxc3 Qd6 28. Qh5 Rf8 29. c4 e4 30. Qe2 Ne5 31. Qe3 Nd3 32. Rf1 Nc5 33. f4 Rc8 34. Bc2 Nd7 35. Bb3 Nc5 36. Bc2 b5 37. cxb5 axb5 38. Rb1 Nd7 39. Bb3 Kh7 40. g4 b4 41. Rc1 Qb6 42. Re1 Qg6 43. Kh2 Rc3 44. gxf5 Qh5 0-1

[Event "Boeblingen op 25th"]
[Site "Boeblingen"]
[Date "2008.12.26"]
[Round "1"]
[White "Messner, Harry"]
[Black "Babaev, Rashad"]
[Result "0-1"]
[WhiteElo "2124"]
[BlackElo "2479"]
[PlyCount "62"]
[EventDate "2008.12.26"]
[EventType "swiss"]
[EventRounds "9"]
[EventCountry "GER"]
[SourceTitle "CBM 128 Extra"]
[Source "ChessBase"]
[SourceDate "2009.03.05"]
[SourceVersion "2"]
[SourceVersionDate "2009.03.25"]
[SourceQuality "1"]

1. Nf3 Nf6 2. c4 g6 3. b4 Bg7 4. Bb2 0-0 5. g3 d6 6. Bg2 e5 7. d3 Ng4 8. Qc2 f5 9. Nbd2 Kh8 10. 0-0 Nc6 11. b5 Ne7 12. c5 Be6 13. Nc4 f4 14. Na5 Bd5 15. h3 Nh6 16. g4 b6 17. cxd6 cxd6 18. Nc4 Nf7 19. e4 fxe3 20. fxe3 Rc8 21. e4 Be6 22. Qe2 Qd7 23. a4 g5 24. Bc1 h6 25. Ne3 Ng6 26. Nf5 Bf6 27. Be3 Nf4 28. Qd2 d5 29. Rfc1 Rxc1+ 30. Rxc1 dxe4 31. Bxf4 exf4 0-1

[Event "Dortmund op-A"]
[Site "Dortmund"]
[Date "2004.07.28"]
[Round "6"]
[White "Gruber, Thomas"]
[Black "Messner, Harry"]
[Result "1/2-1/2"]
[WhiteElo "2302"]
[BlackElo "2188"]
[PlyCount "96"]
[EventDate "2004.07.??"]
[EventType "swiss"]
[EventRounds "9"]
[EventCountry "GER"]
[SourceTitle "EXT 2006"]
[Source "ChessBase"]
[SourceDate "2005.11.24"]
[SourceVersion "1"]
[SourceVersionDate "2005.11.24"]
[SourceQuality "1"]

1. c4 c5 2. Nf3 Nc6 3. e3 Nf6 4. d4 cxd4 5. exd4 d5 6. Nc3 e6 7. cxd5 Nxd5 8. Bd3 Be7 9. 0-0 0-0 10. Re1 Re8 11. a3 Nf6 12. Bc2 Bd7 13. Qd3 Rc8 14. d5 Na5 15. Ne5 exd5 16. Nxd7 Qxd7 17. Bg5 g6 18. Ba4 Nc6 19. Rad1 Ng4 20. Bxe7 Rxe7 21. Nxd5 Rxe1+ 22. Rxe1 Rd8 23. Bb3 Qd6 24. Qh3 h5 25. Qg3 Nd4 26. Qxd6 Rxd6 27. Ba2 Kf8 28. f3 Nh6 29. Kf2 Nhf5 30. Rc1 Nc6 31. g4 hxg4 32. fxg4 Nfe7 33. Rd1 Ne5 34. Kg3 f5 35. gxf5 Nxf5+ 36. Kf4 Nf7 37. Rc1 Rd7 38. Rc8+ Kg7 39. Rc7 Rxc7 40. Nxc7 Kf6 41. Nd5+ Kg7 42. Ne3 Nxe3 43. Kxe3 Ne5 44. Ke4 Kf6 45. h4 Nc6 46. Bd5 Nd8 47. Kf4 b6 48. b4 Ne6+ 1/2-1/2

[Event "Boeblingen op 17th"]
[Site "Boeblingen"]
[Date "2000.12.28"]
[Round "4"]
[White "Messner, Harry"]
[Black "Duppel, Matthias"]
[Result "0-1"]
[WhiteElo "2199"]
[BlackElo "2376"]
[PlyCount "40"]
[EventDate "2000.12.27"]
[EventType "swiss"]
[EventRounds "9"]
[EventCountry "GER"]
[SourceTitle "CBM 079 Extra"]
[Source "ChessBase"]
[SourceDate "2001.01.11"]
[SourceVersion "2"]
[SourceVersionDate "2001.01.25"]
[SourceQuality "1"]

1. d4 d5 2. Nf3 c6 3. g3 Bg4 4. Bg2 Nd7 5. 0-0 e6 6. b3 Bd6 7. c4 Qe7 8. Bb2 f5 9. Nc3 Ngf6 10. a4 a5 11. Ne1 0-0 12. f4 Kh8 13. Nd3 g5 14. Qd2 gxf4 15. gxf4 Rg8 16. Kh1 Rg6 17. Ne5 Rh6 18. e3 Rg8 19. Rf2 Bb4 20. Nxd7 Qxd7 0-1

[Event "Deizisau op"]
[Site "Deizisau"]
[Date "2000.??.??"]
[Round "2"]
[White "Horvath, Jozsef"]
[Black "Messner, Harry"]
[Result "1-0"]
[WhiteElo "2557"]
[BlackElo "2234"]
[PlyCount "79"]
[EventDate "2000.??.??"]
[EventType "swiss"]
[EventRounds "9"]
[EventCountry "GER"]
[SourceTitle "EXT 2001"]
[Source "ChessBase"]
[SourceDate "2000.11.22"]
[SourceVersion "1"]
[SourceVersionDate "2000.11.22"]
[SourceQuality "1"]

1. d4 c6 2. Nf3 d5 3. c4 Nf6 4. Qc2 e6 5. g3 Bd6 6. Bg2 Nbd7 7. 0-0 0-0 8. Nbd2 Re8 9. b3 e5 10. dxe5 Nxe5 11. Bb2 Bg4 12. Nxe5 Bxe5 13. Bxe5 Rxe5 14. e3 Qd7 15. cxd5 Nxd5 16. Nc4 Rh5 17. e4 Nb6 18. Ne3 Bh3 19. Rfd1 Qe6 20. Qe2 Rh6 21. Bxh3 Qxh3 22. f3 Rf8 23. Nf5 Re6 24. Qb2 f6 25. Qa3 g6 26. Nd4 Re5 27. Qxa7 Nc8 28. Qxb7 c5 29. Nc6 Rh5 30. Rd2 f5 31. exf5 Nd6 32. Qd7 Nxf5 33. Qe6+ Kg7 34. Re1 Rg5 35. Ne7 h5 36. Nxf5+ Rgxf5 37. Rd7+ Kh6 38. Qe3+ g5 39. Qe6+ R8f6 40. Qg8 1-0

[Event "Leinfelden Schachtage op 1st"]
[Site "Leinfelden"]
[Date "2000.??.??"]
[Round "4"]
[White "Kekelidze, Mikheil"]
[Black "Messner, Harry"]
[Result "1-0"]
[WhiteElo "2461"]
[BlackElo "2234"]
[PlyCount "41"]
[EventDate "2000.08.??"]
[EventType "swiss"]
[EventRounds "7"]
[EventCountry "GER"]
[SourceTitle "EXT 2003"]
[Source "ChessBase"]
[SourceDate "2002.11.25"]
[SourceVersion "1"]
[SourceVersionDate "2002.11.25"]
[SourceQuality "1"]

1. Nf3 Nf6 2. d4 d5 3. c4 c6 4. Nc3 e6 5. e3 Nbd7 6. Bd3 Bd6 7. e4 dxe4 8. Nxe4 Nxe4 9. Bxe4 e5 10. 0-0 h6 11. Bc2 Qf6 12. Re1 0-0 13. Qd3 Re8 14. Qh7+ Kf8 15. h4 c5 16. Ng5 cxd4 17. Ne4 Qe6 18. Qh8+ Ke7 19. Qxg7 Nf6 20. c5 Nxe4 21. cxd6+ 1-0

[Event "Oberliga Wuerttemberg 9899"]
[Site "Wuerttemberg"]
[Date "1999.03.21"]
[Round "8"]
[White "Pfeifer, Wilfried"]
[Black "Messner, Harry"]
[Result "1/2-1/2"]
[WhiteElo "2225"]
[BlackElo "2240"]
[PlyCount "29"]
[EventDate "1998.10.??"]
[EventType "team"]
[EventRounds "9"]
[EventCountry "GER"]
[SourceTitle "EXT 2000"]
[Source "ChessBase"]
[SourceDate "1999.11.16"]
[SourceVersion "1"]
[SourceVersionDate "1999.11.16"]
[SourceQuality "1"]

1. f4 Nf6 2. Nf3 d5 3. g3 h6 4. Bg2 b6 5. 0-0 Bb7 6. c3 e6 7. b4 Bd6 8. d3 Nbd7 9. Na3 a6 10. Qe1 Qe7 11. Nc2 c5 12. Nh4 cxb4 13. Nxb4 Nc5 14. Nc2 0-0 15. Nd4 1/2-1/2

[Event "Oberliga Wuerttemberg 9899"]
[Site "Wuerttemberg"]
[Date "1999.01.17"]
[Round "5"]
[White "Majer, Willi"]
[Black "Messner, Harry"]
[Result "1/2-1/2"]
[WhiteElo "2175"]
[BlackElo "2240"]
[PlyCount "45"]
[EventDate "1998.10.??"]
[EventType "team"]
[EventRounds "9"]
[EventCountry "GER"]
[SourceTitle "EXT 2000"]
[Source "ChessBase"]
[SourceDate "1999.11.16"]
[SourceVersion "1"]
[SourceVersionDate "1999.11.16"]
[SourceQuality "1"]

1. d4 c6 2. c4 d5 3. Nf3 Nf6 4. Nc3 a6 5. a4 g6 6. Bf4 Bg7 7. h3 0-0 8. e3 Qa5 9. c5 Ne4 10. Qc2 Nd7 11. Rb1 Nxc3 12. Qxc3 Qd8 13. b4 Qe8 14. Bc7 f6 15. Be2 e5 16. Bd6 Rf7 17. dxe5 Nxe5 18. Nd4 f5 19. f4 Nc4 20. Bxc4 dxc4 21. Kf2 Be6 22. Qc1 Bd5 23. Nf3 1/2-1/2

[Event "Oberliga Wuerttemberg 9798"]
[Site "Wuerttemberg"]
[Date "1998.03.01"]
[Round "8"]
[White "Messner, Harry"]
[Black "Dueren, Jerome"]
[Result "1-0"]
[WhiteElo "2280"]
[BlackElo "2190"]
[PlyCount "67"]
[EventDate "1997.09.??"]
[EventType "team"]
[EventRounds "9"]
[EventCountry "GER"]
[SourceTitle "EXT 1999"]
[Source "ChessBase"]
[SourceDate "1998.11.16"]
[SourceVersion "1"]
[SourceVersionDate "1998.11.16"]
[SourceQuality "1"]

1. d4 Nf6 2. c4 g6 3. Nc3 Bg7 4. e4 d6 5. f4 0-0 6. Nf3 c5 7. d5 e6 8. Be2 exd5 9. cxd5 Re8 10. e5 dxe5 11. fxe5 Ng4 12. Bg5 Qa5 13. 0-0 Nxe5 14. Nxe5 Bxe5 15. Kh1 Qb6 16. Bc4 Kg7 17. Qd2 Bf5 18. Bh6+ Kg8 19. h3 Qb4 20. Qe2 Nd7 21. a3 Qb6 22. Qd2 Nf6 23. Rxf5 Ne4 24. Nxe4 gxf5 25. Nc3 Kh8 26. Rf1 Qg6 27. Qg5 Rg8 28. Qxg6 fxg6 29. Bf4 Bd4 30. d6 Rgd8 31. h4 Kg7 32. Nb5 Bxb2 33. Nc7 Bxa3 34. Ne6+ 1-0

[Event "Oberliga Wuerttemberg 9798"]
[Site "Wuerttemberg"]
[Date "1998.01.11"]
[Round "6"]
[White "Messner, Harry"]
[Black "Migl, Dieter"]
[Result "1/2-1/2"]
[WhiteElo "2280"]
[BlackElo "2260"]
[PlyCount "58"]
[EventDate "1997.09.??"]
[EventType "team"]
[EventRounds "9"]
[EventCountry "GER"]
[SourceTitle "EXT 1999"]
[Source "ChessBase"]
[SourceDate "1998.11.16"]
[SourceVersion "1"]
[SourceVersionDate "1998.11.16"]
[SourceQuality "1"]

1. d4 Nf6 2. c4 g6 3. Nc3 d5 4. Nf3 Bg7 5. Qb3 dxc4 6. Qxc4 0-0 7. e4 a6 8. e5 b5 9. Qb3 Nfd7 10. Be3 c5 11. e6 fxe6 12. Qxe6+ Kh8 13. Qd5 cxd4 14. Nxd4 Nb6 15. Qxd8 Rxd8 16. Ndxb5 axb5 17. Bxb6 Rd6 18. Be3 b4 19. Nd1 Bb7 20. Be2 Bxg2 21. Rg1 Bd5 22. Bc5 Re6 23. Ne3 Bxb2 24. Rd1 Bc3+ 25. Kf1 Bxa2 26. Rd8+ Kg7 27. Nf5+ Kf7 28. Nh6+ Kg7 29. Nf5+ Kf7 1/2-1/2

[Event "Budapest Spring op 14th"]
[Site "Budapest"]
[Date "1998.??.??"]
[Round "?"]
[White "Grunberg, Mihai Lucian"]
[Black "Messner, Harry"]
[Result "1-0"]
[WhiteElo "2390"]
[BlackElo "2280"]
[PlyCount "47"]
[EventDate "1998.03.??"]
[EventType "swiss"]
[EventRounds "9"]
[EventCountry "HUN"]
[SourceTitle "EXT 2002"]
[Source "ChessBase"]
[SourceDate "2001.11.25"]
[SourceVersion "1"]
[SourceVersionDate "2001.11.25"]
[SourceQuality "1"]

1. Nf3 Nf6 2. c4 e6 3. g3 d5 4. Bg2 dxc4 5. Qa4+ Nbd7 6. 0-0 a6 7. Qxc4 Be7 8. Qc2 0-0 9. d4 c5 10. Rd1 cxd4 11. Nxd4 Qa5 12. Nd2 Qh5 13. h3 Ne5 14. g4 Qg6 15. Qc7 Ned7 16. N2f3 Nd5 17. Qg3 Bd8 18. Nh4 Bxh4 19. Qxh4 Nc5 20. Nf5 Qf6 21. Bg5 Qxb2 22. Ne7+ Kh8 23. Nxd5 f6 24. Ne7 1-0